| 000 | 00799nam a22002657a 4500 | ||
|---|---|---|---|
| 001 | 7595 | ||
| 003 | FISKH | ||
| 005 | 20250725104102.0 | ||
| 008 | 250725b cb ||||| |||| 00| 0 eng d | ||
| 020 | _a0843119799 | ||
| 040 |
_aFISKH _beng _cFISKH _dFISKH |
||
| 050 | _aQP374.S38 | ||
| 082 | _a612.2 | ||
| 100 | _aSchwegler, Janice | ||
| 245 |
_aWhat is a sneeze? / _cby Janice Schwegler |
||
| 260 |
_aCalifornia : _bPrice/ Stem / Sloan Publishers , Inc . _c1987. |
||
| 300 |
_a28 unnumbered pages : _bcolor illustrations ; _c22 cm . |
||
| 505 | _aJ | ||
| 520 | _aShow what happens to a body from the start to the finish of a sneeze. | ||
| 521 | 8 |
_a500
_bLexile estimate |
|
| 521 | 8 |
_aJ
_bRaz-Plus |
|
| 650 |
_aHeath _vNon-fiction |
||
| 942 |
_2ddc _cBK _n0 |
||
| 999 |
_c7595 _d7595 |
||